000 01523cam a2200457 i 4500
999 _c24616
_d24616
001 vtls000441259
003 NUKAT
005 20210415124555.0
008 050225s2021 pl a | f |00| ||pol|c
020 _a9788377756164
035 _azz2005964139
039 9 _a201601292203
_bvwsztar
_c201401130117
_dVLOAD
_c201401100146
_dVLOAD
_c201006221500
_dpwr
040 _aPOZN 31/EL
_cPOZN 31/EL
_dPOZN 31/MK
099 _atoMK930
100 1 _aSzóstka, Jarosław.
245 1 0 _aMiernictwo radiokomunikacyjne /
_cJarosław Szóstka.
260 _aPoznań :
_bWydaw. Politechniki Poznańskiej,
_c2021.
300 _a328 s. :
_bil. ;
_c24 cm.
710 2 _aPolitechnika Poznańska.
_bWydawnictwo.
_4pbl
982 _aBYDG_22
942 _2ddc
_cBK
960 _aGD_U
980 _aSZCZ_ZUT SZCZ_M